<A> general equilibrium analysis of check float
Salvato in:
| Autore principale: | |
|---|---|
| Altri autori: | |
| Natura: | Libro |
| Lingua: | inglese |
| Pubblicazione: |
Atlanta
Federal Reserve Bank of Atlanta
1997
|
| Serie: | Working Paper
97-4 |
| Soggetti: | |
| Tags: |
Nessun Tag, puoi essere il primo ad aggiungerne!!
|
MARC
| LEADER | 00000nam a2200000 4500 | ||
|---|---|---|---|
| 001 | c100199 | ||
| 005 | 20221124074633.9 | ||
| 041 | 0 | |a eng | |
| 044 | |a US | ||
| 245 | 1 | 0 | |a <A> general equilibrium analysis of check float |c James MacAndrews, William Roberds |
| 264 | 1 | |a Atlanta |b Federal Reserve Bank of Atlanta |c 1997 | |
| 300 | |a 30 s. | ||
| 490 | 1 | |a Working Paper |v 97-4 | |
| 830 | 0 | |a Working Paper |v 97-4 | |
| 610 | 2 | 0 | |a šeky |
| 610 | 2 | 0 | |a rovnováha peňažná |
| 610 | 2 | 0 | |a analýzy |
| 100 | 1 | |a MacAndrews, James | |
| 700 | 1 | |a Roberds, William | |